Les prêtres-ouvriers, hier et aujourd’hui (notice n° 1618727)
[ vue normale ]
| 000 -LEADER | |
|---|---|
| fixed length control field | 00828cam a2200157 4500500 |
| 005 - DATE AND TIME OF LATEST TRANSACTION | |
| control field | 20260111090248.0 |
| 041 ## - LANGUAGE CODE | |
| Language code of text/sound track or separate title | fre |
| 042 ## - AUTHENTICATION CODE | |
| Authentication code | dc |
| 100 10 - MAIN ENTRY--PERSONAL NAME | |
| Personal name | Vallin, Pierre |
| Relator term | author |
| 245 00 - TITLE STATEMENT | |
| Title | Les prêtres-ouvriers, hier et aujourd’hui |
| 260 ## - PUBLICATION, DISTRIBUTION, ETC. | |
| Date of publication, distribution, etc. | 2001.<br/> |
| 500 ## - GENERAL NOTE | |
| General note | 27 |
| 520 ## - SUMMARY, ETC. | |
| Summary, etc. | RésuméEst-ce forcer le trait que de dire que le Dieu du catéchisme de 1947 était le « Bon Dieu », alors que celui de nos catéchèses est le Père manifesté en Jésus ? Bien sûr, c’est le même ! Mais notre relation à lui est-elle la même ? La catéchèse d’aujourd’hui ne nous révèle-t-elle pas un autre visage de Dieu et de l’homme ? |
| 786 0# - DATA SOURCE ENTRY | |
| Note | Études | 395 | 11 | 2001-11-01 | p. 553c-558c | 0014-1941 |
| 856 41 - ELECTRONIC LOCATION AND ACCESS | |
| Uniform Resource Identifier | <a href="https://shs.cairn.info/revue-etudes-2001-11-page-553c?lang=fr&redirect-ssocas=7080">https://shs.cairn.info/revue-etudes-2001-11-page-553c?lang=fr&redirect-ssocas=7080</a> |
Pas d'exemplaire disponible.




Réseaux sociaux